[Event "WYg18"]
[Site "Kemer TUR"]
[Date "2007.11.18"]
[Round "1"]
[White "Sanchez Santana,C"]
[Black "Herrera,Mil"]
[Result "1-0"]
[WhiteElo "2062"]
[BlackElo "2021"]

1.e4 c5 2.Nc3 a6 3.Nf3 e6 4.d4 cxd4 5.Nxd4 Qc7 6.Bd3 Nc6 7.Nxc6 dxc6 8.O-O e5
9.f4 Bc5+ 10.Kh1 Nf6 11.f5 h6 12.Qf3 Rb8 13.a4 b5 14.axb5 cxb5 15.Qg3 Rg8
16.Nd5 Qd6 17.Rd1 Bb7 18.Nxf6+ Qxf6 19.c4 b4 20.Ra5 Rc8 21.Bc2 Bd4 22.Bd2 Qb6
23.Rxe5+ Bxe5 24.Qxe5+ Kf8 25.f6 Re8 26.Qh5 Bxe4 27.Bxe4 Rxe4 28.Qf5 Re8
29.Bf4 g5 30.c5 Rd8 31.Bd6+ Rxd6 32.Rxd6 Qb8 33.Qd5 Qe8 34.Rd8  1-0

[Event "WYg16"]
[Site "Kemer TUR"]
[Date "2007.11.18"]
[Round "1"]
[White "Kaya,Sen"]
[Black "Ivanenko,O1"]
[Result "1/2-1/2"]
[WhiteElo "1520"]
[BlackElo "2125"]

1.e4 c5 2.Nf3 e6 3.d4 cxd4 4.Nxd4 a6 5.Nc3 Qc7 6.Bd3 Nf6 7.O-O Bc5 8.Nde2 d6
9.Ng3 Nbd7 10.Kh1 h5 11.h4 Ng4 12.Qe2 Nde5 13.Bf4 Ng6 14.Bd2 Qe7 15.Bg5 f6
16.Bd2 Nxh4 17.f3 Ne5 18.Be3 Bxe3 19.Qxe3 Nhg6 20.Kg1 h4 21.Nge2 Bd7 22.Rad1 Bc6
23.Nd4 Rd8 24.Be2 Ra8 25.f4 Nf7 26.f5 exf5 27.Nxf5 Qf8 28.Qd4 Rd8 29.b4 Nge5
30.b5 g6  1/2-1/2

[Event "WYg18"]
[Site "Kemer TUR"]
[Date "2007.11.19"]
[Round "2"]
[White "Nikolova,E"]
[Black "Corke,A"]
[Result "0-1"]
[WhiteElo "2049"]
[BlackElo "2209"]

1.e4 c5 2.Nf3 e6 3.Nc3 a6 4.d4 cxd4 5.Nxd4 Qc7 6.Bd3 Nc6 7.Nxc6 dxc6 8.Qe2 e5
9.O-O Nf6 10.h3 b5 11.Be3 Bd6 12.a4 Bb7 13.Nb1 Nd7 14.Qg4 g6 15.Rd1 Nc5 16.Nc3 Rd8
17.Qf3 Qe7 18.Bh6 Ne6 19.axb5 Nd4 20.Qe3 axb5 21.Qg5 f6 22.Ne2 Ne6 23.f4 exf4
24.Qg4 Bc8 25.Qf3  0-1

[Event "WYb18"]
[Site "Kemer TUR"]
[Date "2007.11.21"]
[Round "4"]
[White "Skovgaard,Pe2"]
[Black "MacQueen,C"]
[Result "1/2-1/2"]
[WhiteElo "2253"]
[BlackElo "1949"]

1.e4 c5 2.Nf3 e6 3.d4 cxd4 4.Nxd4 a6 5.Nc3 Qc7 6.Be2 Nc6 7.O-O Nf6 8.Kh1 b5
9.a3 Bb7 10.f4 d6 11.Bf3 Be7 12.e5 dxe5 13.Bxc6+ Bxc6 14.fxe5 Nd7 15.Qg4 Bb7
16.Nf3 Bxf3  1/2-1/2

[Event "WYb14"]
[Site "Kemer TUR"]
[Date "2007.11.22"]
[Round "5"]
[White "Halvax,G"]
[Black "Komut,K"]
[Result "1-0"]
[WhiteElo "2059"]
[BlackElo "1798"]

1.e4 c5 2.Nf3 e6 3.d4 cxd4 4.Nxd4 a6 5.Nc3 b5 6.Bd3 Qb6 7.Nf3 Bb7 8.a4 b4
9.a5 Qc7 10.Na4 Qxa5 11.Be3 Qc7 12.Nb6 Ra7 13.Nxd7 Ra8 14.Nb6 Ra7 15.Na4 Ra8
16.Bb6 Qc8 17.O-O Nd7 18.c3 bxc3 19.Rc1 Bc6 20.Rxc3 Qb7 21.Be3 Ngf6 22.Qc2 Bxe4
23.Bxe4 Qxe4 24.Rc8+ Rxc8 25.Qxc8+ Ke7 26.Nb6 g6 27.Rd1 Bg7 28.Rxd7+ Nxd7
29.Qxd7+ Kf6 30.Bg5+ Kf5 31.Qxf7+  1-0

[Event "WYb14"]
[Site "Kemer TUR"]
[Date "2007.11.22"]
[Round "5"]
[White "Chan Yi Ren,D"]
[Black "Popilski,G"]
[Result "1/2-1/2"]
[WhiteElo "2137"]
[BlackElo "2238"]

1.e4 c5 2.Nf3 e6 3.d4 cxd4 4.Nxd4 a6 5.Nc3 Qc7 6.Be2 Nf6 7.O-O d6 8.Be3 Be7
9.f4 Nc6 10.Bf3 O-O 11.Qe1 Bd7 12.Qg3 Rfe8 13.Kh1 Bf8 14.Rae1 Red8 15.e5 dxe5
16.fxe5 Nxd4 17.Bxd4 Bc6 18.Bg1 Nd5 19.Ne4 Nb4 20.Ng5 Be8 21.c3 Nd5 22.Be4 h6
23.Bh7+ Kh8 24.Bg6 Nf6 25.Qh4 Rd5 26.Bd4 Kg8 27.Nxf7 Bxf7 28.Bxf7+ Qxf7 29.exf6 g6
30.Qg4 Re8 31.Re5 Bd6 32.Rxd5 exd5 33.Qh3 Kh7 34.Be3 h5 35.Qf3 Re4 36.h3 Be5
37.g4 Qxf6 38.Kg2 Kg7 39.Bg5 Qxf3+ 40.Kxf3 hxg4+ 41.hxg4 Bf6 42.Be3 Kf7 43.Rd1 Ke6
44.Rh1 Ra4 45.a3 Ra5 46.Rh6 Rb5 47.b4 Bxc3 48.Bc5 Kf6 49.Rh7  1/2-1/2

[Event "WYg18"]
[Site "Kemer TUR"]
[Date "2007.11.22"]
[Round "6"]
[White "Fuchs,Ju"]
[Black "Boyarchenko,M"]
[Result "1-0"]
[WhiteElo "2140"]
[BlackElo "1794"]

1.e4 c5 2.Nf3 e6 3.d4 cxd4 4.Nxd4 a6 5.Nc3 Qc7 6.Bd3 Nf6 7.O-O Be7 8.Kh1 O-O
9.f4 d6 10.f5 e5 11.Nde2 Nbd7 12.Bg5 h6 13.Be3 b5 14.a3 Bb7 15.Ng3 Nb6 16.Nh5 d5
17.Nxf6+ Bxf6 18.Bxb6 Qxb6 19.exd5 Rfd8 20.Be4 Rac8 21.Qf3 Rc4 22.Ne2 a5
23.Rfd1 b4 24.Ng3 Rd6 25.axb4 Qxb4 26.c3 Qb6 27.b3 Rc7 28.c4 g6 29.Qc3 Bxd5
30.Rxd5 Rxd5 31.Bxd5 e4 32.Qxa5 Qd4 33.Rf1 Ra7 34.Qb5 Kg7 35.fxg6 Ra1 36.Qe8 Rxf1+
37.Nxf1 Kxg6 38.Qxe4+  1-0

[Event "20th Belgrade Trophy"]
[Site "Belgrade SRB"]
[Date "2007.11.23"]
[Round "2"]
[White "Nadj Hedjesi,B"]
[Black "Medar,Z"]
[Result "1-0"]
[WhiteElo "2380"]
[BlackElo "2191"]

1.e4 c5 2.Nc3 a6 3.Nge2 e6 4.d4 cxd4 5.Nxd4 Qc7 6.a3 b5 7.Bd3 Nc6 8.Nxc6 dxc6
9.O-O Nf6 10.f4 e5 11.fxe5 Bc5+ 12.Kh1 Ng4 13.Qf3 Nxe5 14.Qg3 O-O 15.Bf4 f6
16.a4 Be6 17.Ne2 Rad8 18.Rad1 Bf7 19.Ng1 Bd6 20.axb5 cxb5 21.Nf3 Ng6 22.Bxd6 Qxd6
23.Qxd6 Rxd6 24.e5 Rb6 25.exf6 Rxf6 26.Be4 Bc4 27.Rfe1 Nf4 28.Ng5 Ng6 29.b3 Be2
30.Ra1 Bg4 31.Bb7 Bc8 32.Bd5+ Kh8 33.c4 bxc4 34.bxc4 h6 35.Ne4 Rb6 36.c5 Rb5
37.Rac1 Ne7 38.Bc4 Ra5 39.Nd6 Nc6 40.Bd5 Bd7 41.Red1 Rf6 42.Be4 Bg4 43.Re1 Bd7
44.h3 g5 45.Red1 Ra2 46.Bd5 Ra4 47.Nc4 Be8 48.Nb6 Rd4 49.Re1 Bf7 50.Nd7 Rxd5
51.Nxf6 Rf5 52.Rf1 Rxf1+ 53.Rxf1 a5 54.Nd7 Kg7 55.Rf6 Bd5 56.Rd6 Nb4 57.Rb6 Kf7
58.Ne5+ Ke7 59.Rb5 Ke6 60.c6 Bxc6 61.Rxa5 Bd5 62.Ng4 Nc6 63.Rb5 h5 64.Ne3 Ne7
65.Kg1 Ke5 66.Kf2 Kd4 67.Ra5 Ke4 68.Ra7 Ng6 69.Nxd5 Kxd5 70.Ra5+ Ke6 71.Rxg5  1-0

[Event "WYg16"]
[Site "Kemer TUR"]
[Date "2007.11.24"]
[Round "7"]
[White "Walallawita,L"]
[Black "Adam,A2"]
[Result "0-1"]
[WhiteElo "1780"]
[BlackElo "1918"]

1.e4 c5 2.Nf3 e6 3.d4 cxd4 4.Nxd4 a6 5.Nc3 Qc7 6.Bd3 Nf6 7.O-O Be7 8.Be3 O-O
9.f4 d6 10.Qf3 Nbd7 11.Qh3 h6 12.f5 e5 13.Nde2 Nh7 14.Nd5 Qd8 15.Nxe7+ Qxe7
16.Rf3 Ng5 17.Bxg5 Qxg5 18.Rg3 Qf6 19.Rg4 Kh7 20.Ng3 Rg8 21.Nh5 Qe7 22.Bc4 b5
23.Qg3 Qf8 24.Bd5 Rb8 25.Qb3 Nc5 26.Qb4 Bb7 27.Rd1 Bxd5 28.Rxd5 f6 29.Ng3 Qe7
30.Nf1 Qa7 31.Rxd6 Nxe4+  0-1

[Event "TCh-HUN 2007-8"]
[Site "Budapest HUN"]
[Date "2007.11.25"]
[Round "3"]
[White "Antal,Ge"]
[Black "Sikula,V"]
[Result "1/2-1/2"]
[WhiteElo "2456"]
[BlackElo "2550"]

1.e4 c5 2.Nf3 e6 3.d4 cxd4 4.Nxd4 a6 5.Nc3 Qc7 6.Be2 Nf6 7.O-O d6 8.a4 Nc6
9.Be3 Be7 10.f4 O-O 11.Kh1 Re8 12.Bf3 Bd7 13.Nb3 b6 14.g4 Bc8 15.g5 Nd7 16.Bg2 Bb7
17.Qh5 Nb4 18.Rac1 Bf8 19.Rf3 g6 20.Qh4 Bg7 21.Rh3 Nf8 22.Qf2 Nd7 23.Rf1 Re7
24.f5 exf5 25.exf5 Bxg2+ 26.Qxg2 Rae8 27.Bd2 Re5 28.Rh4 Nxc2 29.fxg6 fxg6
30.Nd5 Qd8 31.Rc4 Ne1 32.Bxe1 Rxe1 33.Rf4 Rxf1+ 34.Rxf1 Re5 35.h4 h6 36.Nd4 Qe8
37.Nc7 Qd8 38.Nd5 Qe8 39.Nc7 Qd8 40.Nd5  1/2-1/2

[Event "WYg18"]
[Site "Kemer TUR"]
[Date "2007.11.25"]
[Round "8"]
[White "Nikolova,E"]
[Black "Boyarchenko,M"]
[Result "1-0"]
[WhiteElo "2049"]
[BlackElo "1794"]

1.e4 c5 2.Nf3 e6 3.Nc3 a6 4.d4 cxd4 5.Nxd4 Qc7 6.Bd3 Nf6 7.Qe2 d6 8.O-O Nbd7
9.Be3 b6 10.f4 Bb7 11.Bf2 g6 12.Rae1 Bg7 13.f5 gxf5 14.exf5 e5 15.Ne4 O-O-O
16.Nb3 Nxe4 17.Bxe4 d5 18.Bd3 b5 19.a4 e4 20.axb5 exd3 21.cxd3 axb5 22.Rc1 Bc6
23.Rxc6 Qxc6 24.Rc1 Qxc1+ 25.Nxc1 Rhe8 26.Qc2+ Kb7 27.Qb3 Kc6 28.Na2 Bf8
29.Nc3 Bc5 30.Qxd5+ Kb6 31.Qd6+  1-0

[Event "WYg16"]
[Site "Kemer TUR"]
[Date "2007.11.25"]
[Round "8"]
[White "Goossens,H"]
[Black "Uthra,P"]
[Result "0-1"]
[WhiteElo "1837"]
[BlackElo "2055"]

1.e4 c5 2.Nf3 e6 3.d4 cxd4 4.Nxd4 a6 5.Nc3 Qc7 6.Be3 Nf6 7.Qd2 Bb4 8.f3 d5
9.exd5 Nxd5 10.Nde2 Nxe3 11.Qxe3 O-O 12.O-O-O Nd7 13.g4 Bc5 14.Qe4 Rb8 15.Ng3 b5
16.Bd3 g6 17.Qe2 Ne5 18.Nce4 Be7 19.Kb1 Bb7 20.Rhf1 f5 21.Nd2 Bd5 22.gxf5 exf5
23.Rde1 Bf6 24.f4 Nc4 25.b3 Ne3 26.c4 Nd1 27.Rxd1 Rfe8 28.Qf2 Qa5  0-1

[Event "20th Belgrade Trophy"]
[Site "Belgrade SRB"]
[Date "2007.11.26"]
[Round "5"]
[White "Zivkovic,S"]
[Black "Cabrilo,G"]
[Result "0-1"]
[WhiteElo "2323"]
[BlackElo "2497"]

1.e4 c5 2.Nf3 e6 3.d4 cxd4 4.Nxd4 a6 5.Nc3 Qc7 6.Be2 b5 7.O-O Bb7 8.Bf3 Bd6
9.g3 Be5 10.Bg2 Nc6 11.Be3 Nxd4 12.Bxd4 Rc8 13.a3 d6 14.f4 Bxd4+ 15.Qxd4 e5
16.Qd2 Nf6 17.fxe5 dxe5 18.Qg5 Qb6+ 19.Kh1 O-O 20.Qxe5 Ng4 21.Qf4 Ne3 22.Qf2 Qh6
23.Rfe1 Nxg2 24.Kxg2 f5 25.Kg1 fxe4 26.Qe3 Qg6 27.Rf1 Rf3 28.Rxf3 exf3 29.Re1 Rf8
30.Qf2 h6 31.Nd1 Qc6 32.Ne3 Re8 33.c3 Kh8 34.Nc2 Re2 35.Rxe2 fxe2 36.Qf8+ Kh7
37.Kf2 Qg2+ 38.Ke3 Qe4+  0-1

[Event "WYb14"]
[Site "Kemer TUR"]
[Date "2007.11.26"]
[Round "9"]
[White "Sariyev,R"]
[Black "Komut,K"]
[Result "1-0"]
[WhiteElo "1978"]
[BlackElo "1798"]

1.e4 c5 2.Nf3 e6 3.d4 cxd4 4.Nxd4 a6 5.Nc3 b5 6.g3 Bb7 7.Bg2 Qc7 8.O-O Nf6
9.Re1 d6 10.a4 bxa4 11.Nxa4 Be7 12.Nb3 O-O 13.Bf4 Nbd7 14.Bd2 Rac8 15.Na5 Ba8
16.Qe2 Qa7 17.Nc3 Qb8 18.Qxa6 Nc5 19.Qe2 Qxb2 20.Ra2 Qb8 21.Rb1 Qc7 22.Nb5 Qd7
23.f3 Rb8 24.Rab2 Rfc8 25.c4 Bd8 26.Be1 Bb6 27.Kh1 h6 28.Rd1 Ne8 29.Nb3 Nxb3
30.Rxb3 Bc6 31.Bb4 Bxb5 32.cxb5 Bc5 33.Bxc5 Rxc5 34.Rdb1 Qb7 35.f4 Qb6 36.Qe3 Nc7
37.Bf1 d5 38.e5 Rc2 39.Qxb6 Rxb6 40.R3b2 Rc5 41.Kg2 g6 42.Kf2 Rc3 43.Ke2 d4
44.Kd2 Rc5 45.Rb4 Rd5 46.Rc4 Rd7 47.Rc6 Nd5 48.Rxb6 Nxb6 49.Kd3 Rd8 50.Rb4 Nd5
51.Rxd4 Rb8 52.Kd2 Kf8 53.Bd3 Ke7 54.Kc2 Nc7 55.Rb4 Nd5 56.Ra4 Rc8+ 57.Kb2 Kd8
58.Ra7 Rc7 59.Rxc7 Kxc7 60.Kb3 Kb6 61.Kc4 h5 62.Be4 Ne3+ 63.Kd4 Nf1 64.Bc6 Nxh2
65.Be8 Nf1 66.Bxf7 Nxg3 67.Bxe6 Kxb5 68.Ke3 Nf5+ 69.Bxf5 gxf5  1-0

[Event "WYb16"]
[Site "Kemer TUR"]
[Date "2007.11.26"]
[Round "9"]
[White "Blum,N"]
[Black "Aydogdu,A"]
[Result "0-1"]
[WhiteElo "2224"]
[BlackElo "1957"]

1.e4 c5 2.Nf3 e6 3.d4 cxd4 4.Nxd4 a6 5.Nc3 Qc7 6.Be2 Nf6 7.O-O d6 8.a4 b6
9.f4 Bb7 10.Bf3 Nbd7 11.Qe2 e5 12.Nf5 g6 13.Ne3 exf4 14.Ned5 Nxd5 15.exd5+ Ne5
16.Bxf4 Bg7 17.Qd2 O-O 18.Be2 Rfe8 19.Rad1 Nc4 20.Bxc4 Qxc4 21.Rf3 Qb4 22.Bh6 Be5
23.Qf2 f5 24.Na2 Qxa4 25.b3 Qd4 26.c4 b5 27.Nc3 Qg4 28.h3 Qh5 29.Bc1 Bxc3
30.g4 fxg4 31.Rxc3 g3 32.Qd2 Re2 33.Qd3 b4 34.Rc2 Rxc2 35.Qxc2 Rf8 36.Re1 Bc8
37.Bb2 Bxh3 38.Qe4 g2 39.Qd4 Rf1+ 40.Kh2 Bf5+ 41.Kg3 Qh3+  0-1

[Event "WYb16"]
[Site "Kemer TUR"]
[Date "2007.11.26"]
[Round "9"]
[White "Gijsen,S"]
[Black "Valenzuela Gomez,F"]
[Result "1-0"]
[WhiteElo "2084"]
[BlackElo "2075"]

1.e4 c5 2.Nf3 e6 3.d4 cxd4 4.Nxd4 a6 5.Nc3 Qc7 6.Bd3 d6 7.O-O Ne7 8.a4 Nec6
9.Nb3 Nd7 10.Be3 b6 11.f4 Be7 12.Qf3 Bb7 13.Qh3 Nb4 14.Rae1 O-O-O 15.a5 Kb8
16.axb6 Nxb6 17.Na5 Ba8 18.Ra1 d5 19.exd5 N6xd5 20.Nxd5 Nxd5 21.Nb3 Bd6 22.Rxa6 Bxf4
23.Bxf4 Nxf4 24.Qg3 e5 25.Qe3 Rhe8 26.Be4 Bxe4 27.Qxe4 Qb7 28.Qxb7+ Kxb7
29.Rfa1 Rf8 30.Nc5+ Kc7 31.b4 Nd5 32.Rb1 Nc3 33.Rb3 Nb5 34.c4 Nd4 35.Rba3 Nc6
36.b5 Nb8 37.Ra7+ Kb6 38.Ne4 Rd4 39.R7a4 Nd7 40.Ra6+ Kc7 41.Rc6+ Kb8 42.Nd6 e4
43.Rca6 Kc7 44.Rc6+ Kb8 45.Nf5 Rd1+ 46.Kf2 Ne5 47.Rb6+ Kc7 48.c5 Nd7 49.Ra7+ Kd8
50.Ra8+ Kc7 51.Rxf8 Nxf8 52.Rc6+ Kb7  1-0

[Event "WYg18"]
[Site "Kemer TUR"]
[Date "2007.11.26"]
[Round "9"]
[White "Craciun,P"]
[Black "Herrera,Mil"]
[Result "1-0"]
[WhiteElo "2194"]
[BlackElo "2021"]

1.e4 c5 2.Nf3 e6 3.d4 cxd4 4.Nxd4 a6 5.Nc3 Qc7 6.Bd3 Nc6 7.Nxc6 dxc6 8.O-O e5
9.f4 Bc5+ 10.Kh1 Nf6 11.f5 h5 12.Bg5 Ng4 13.Qf3 b5 14.a4 b4 15.Ne2 a5 16.Rad1 f6
17.Bc1 Qb6 18.Ng3 Nf2+ 19.Rxf2 Bxf2 20.Nxh5 Bd7 21.Nxg7+ Ke7 22.Bc4 Qc5 23.Bb3 Raf8
24.h3 Bd4 25.Qg4 Kd8 26.Rd3 Qb6 27.Qd1 Rh7 28.Ne6+ Bxe6 29.Bxe6 c5 30.c3 Rc7
31.cxd4 cxd4 32.Bd2 Qc6 33.Bd5 Qd6 34.g4 Rc5 35.Qb3 Qe7 36.Rg3 Qa7 37.g5 fxg5
38.Bxg5+ Kc8 39.f6 Qa6 40.Qf3 Rc2 41.Qf5+ Kc7 42.Qxe5+ Kb6 43.Qxd4+ Kc7 44.Qe5+ Kb6
45.Qd6+ Ka7 46.Be3+  1-0

[Event "20th Belgrade Trophy"]
[Site "Belgrade SRB"]
[Date "2007.11.27"]
[Round "6"]
[White "Gagic,M"]
[Black "Stanojevic,B"]
[Result "1/2-1/2"]
[WhiteElo "1930"]
[BlackElo "2300"]

1.e4 c5 2.Nf3 e6 3.d4 cxd4 4.Nxd4 a6 5.Nc3 Qc7 6.Be2 Bb4 7.Qd3 Nf6 8.O-O Nc6
9.Kh1 Bxc3 10.bxc3 d5 11.exd5 Nxd5  1/2-1/2

[Event "20th Belgrade Trophy"]
[Site "Belgrade SRB"]
[Date "2007.11.27"]
[Round "6"]
[White "Kontic,D"]
[Black "Manolache,M"]
[Result "0-1"]
[WhiteElo "2382"]
[BlackElo "2513"]

1.e4 c5 2.Ne2 e6 3.d4 cxd4 4.Nxd4 a6 5.Nc3 Qc7 6.Be2 Nf6 7.O-O Be7 8.f4 d6
9.Bf3 O-O 10.Be3 Re8 11.Qe1 Nbd7 12.g4 Nb6 13.g5 Nfd7 14.Be2 Nc4 15.Bxc4 Qxc4
16.Rd1 b5 17.f5 b4 18.fxe6 fxe6 19.Na4 Bb7 20.b3 Qc8 21.Qxb4 Rb8 22.Qe1 Bxe4
23.Qh4 Ba8 24.Nxe6 Qxc2 25.Rd2 Qc6 26.Rf5 Ne5 27.Kf2 Qg2+ 28.Ke1 Qh1+ 29.Kf2 Nf3  0-1

[Event "WYb16"]
[Site "Kemer TUR"]
[Date "2007.11.27"]
[Round "10"]
[White "Karagollu,A"]
[Black "Poetz,F"]
[Result "0-1"]
[WhiteElo "1924"]
[BlackElo "2174"]

1.e4 c5 2.Nf3 e6 3.d4 cxd4 4.Nxd4 a6 5.Nc3 Qc7 6.Be3 Bb4 7.Qd2 Nf6 8.Bd3 d5
9.exd5 Nxd5 10.Nde2 Nxe3 11.Qxe3 Nc6 12.O-O Bd6 13.Ng3 Ne5 14.Nce4 Be7 15.f4 Nxd3
16.cxd3 O-O 17.Nh5 Qa5 18.f5 f6 19.Qg3 Rf7 20.fxe6 Bxe6 21.Nhxf6+ Kh8 22.Ng4 Qb6+
23.Kh1 Qxb2 24.Ne5 Rxf1+ 25.Rxf1 Rf8 26.Rxf8+ Bxf8 27.h3 Bxa2 28.Ng5 Kg8
29.Nd7 Qb1+ 30.Kh2 Qb4 31.Ne4 Be6 32.Ne5 Qe7 33.d4 a5 34.Nc3 Qd6 35.Qf4 Bb3
36.Qf1 b6 37.Qb5 Be6 38.Qe8 Qe7 39.Qb8 Qd6 40.Qe8 Qe7 41.Qc6 Qd6 42.Qe8 Bb3
43.Qb5 Bf7 44.Ne4 Qxd4 45.Nxf7 Qxe4 46.Ne5 h6 47.Qe8 Qf5 48.g4 Qf6 49.Nd7 Qe7
50.Qc8 b5 51.Nxf8 Qxf8 52.Qe6+ Kh8 53.Qb6 Qf4+ 54.Kg2 Qe4+ 55.Kh2 Qe2+ 56.Kg3 a4
57.Qb7 Qd3+ 58.Kf4 a3 59.h4 Qc4+ 60.Kf5 a2 61.Qa8+ Kh7 62.g5 g6+ 63.Kf6 Qd4+  0-1

[Event "WYg16"]
[Site "Kemer TUR"]
[Date "2007.11.28"]
[Round "11"]
[White "Goossens,H"]
[Black "Winkelmann,E"]
[Result "1-0"]
[WhiteElo "1837"]
[BlackElo "2115"]

1.e4 c5 2.Nf3 e6 3.d4 cxd4 4.Nxd4 a6 5.Nc3 b5 6.Be3 Qc7 7.Qd2 Bb7 8.f3 d6
9.O-O-O Nf6 10.g4 Nc6 11.g5 Nd7 12.h4 Nc5 13.Kb1 Ne5 14.Bd3 Nexd3 15.cxd3 b4
16.Nce2 a5 17.h5 Ba6 18.Nc1 Be7 19.Rdg1 Rc8 20.g6 Bf6 21.f4 fxg6 22.hxg6 h6
23.f5 Bxd4 24.Bxd4 e5 25.Bxc5 dxc5 26.f6 gxf6 27.Rxh6 Ke7 28.Rh7+ Rxh7 29.gxh7 Ke6
30.Qh6 Rh8 31.Rg7 Qd8 32.Qg6 Bxd3+ 33.Ka1 Bxe4 34.Qxe4 Qd1 35.Qc6+ Kf5 36.Qxc5 Qh1
37.Qf2+ Ke4 38.Qc5 Kf4 39.Qd6 Kf5 40.Qd7+ Kf4 41.Qg4+ Ke3 42.Qg3+ Qf3  1-0

[Event "WYb18"]
[Site "Kemer TUR"]
[Date "2007.11.28"]
[Round "11"]
[White "Sheshkin,M"]
[Black "Yazgi,H"]
[Result "1-0"]
[WhiteElo "2149"]
[BlackElo "1944"]

1.e4 c5 2.Nf3 e6 3.d4 cxd4 4.Nxd4 a6 5.Nc3 b5 6.Bd3 Bb7 7.O-O d6 8.a3 Nf6
9.Be3 Nbd7 10.f4 Rc8 11.Nb3 Be7 12.g4 Nb6 13.g5 Nfd7 14.Qf3 Nc4 15.Bxc4 Rxc4
16.Bd4 O-O 17.Rad1 Qc7 18.Rd3 d5 19.Qh5 Rxd4 20.Rh3 h6 21.Nxd4 Bc5 22.Ne2 dxe4
23.c3 e5 24.fxe5 Nxe5 25.gxh6 g6 26.Qg5 Nf3+ 27.Rfxf3 exf3 28.Qf6  1-0

[Event "WYb18"]
[Site "Kemer TUR"]
[Date "2007.11.28"]
[Round "11"]
[White "Schwarhofer,C"]
[Black "Hayrapetian,O"]
[Result "0-1"]
[WhiteElo "2186"]
[BlackElo "2374"]

1.e4 c5 2.Nf3 e6 3.d4 cxd4 4.Nxd4 a6 5.Nc3 Qc7 6.Bd3 Nc6 7.Nb3 b5 8.O-O Bb7
9.Qe2 Nf6 10.f4 d6 11.Bd2 g6 12.Rae1 Bg7 13.Qf2 O-O 14.Qh4 b4 15.Ne2 a5 16.c3 a4
17.Nbc1 a3 18.b3 Rac8 19.Kh1 Nb8 20.f5 Nbd7 21.fxe6 fxe6 22.Nd4 bxc3 23.Bf4 Nc5
24.Bc4 Kh8 25.e5 Nd5 26.exd6 Nxf4 27.dxc7 Bxg2+ 28.Kg1 Bxd4+ 29.Rf2 Ne4 30.Rxe4 Bxe4
31.Kf1 Bxf2 32.Qxf2 Nd3 33.Nxd3 Bxd3+  0-1

[Event "WYb16"]
[Site "Kemer TUR"]
[Date "2007.11.28"]
[Round "11"]
[White "Poetz,F"]
[Black "Thorgeirsson,S"]
[Result "0-1"]
[WhiteElo "2174"]
[BlackElo "2061"]

1.e4 c5 2.Nf3 e6 3.d4 cxd4 4.Nxd4 a6 5.Nc3 Qc7 6.Bd3 Nf6 7.O-O d6 8.Kh1 Be7
9.f4 b5 10.Qe2 Nbd7 11.Bd2 Bb7 12.Rae1 O-O 13.e5 Nd5 14.Qh5 g6 15.Qh6 Nc5
16.Nxd5 Bxd5 17.Re3 f5 18.Rg3 Rf7 19.exd6 Bxd6 20.Bc3 Nxd3 21.cxd3 Bf8 22.Qh4 Bg7
23.a3 Qd8 24.Qh3 Rc8 25.Re3 Bxd4 26.Bxd4 Bxg2+ 27.Qxg2 Qxd4 28.Rxe6 Qxd3
29.Rfe1 Kg7 30.Qg3 Qd5+ 31.Kg1 Qd4+ 32.Qf2 Qxf2+ 33.Kxf2 Rc4 34.Kf3 Rc2 35.R1e2 Rfc7
36.Rxc2 Rxc2 37.Rxa6 Rxb2 38.Ra7+ Kf6 39.h4 Rb3+ 40.Kg2 Ke6 41.Rxh7 Rxa3
42.Rh6 Kf7 43.Rh7+ Kf6 44.Rb7 Rb3 45.Kf2 b4 46.Ke2 Rb2+ 47.Kd3 b3 48.Kc3 Rf2
49.h5 gxh5 50.Rb6+ Kf7 51.Kxb3 Rxf4 52.Rh6 Re4 53.Rxh5 Kg6 54.Rh1 Rd4 55.Kc2 Kg5
56.Rg1+ Kf4 57.Rf1+ Kg4 58.Kc3 Rd8 59.Rg1+ Kh3 60.Rf1 Rf8 61.Kd2 Kg2 62.Rf4 Kg3
63.Ra4 Re8 64.Ra3+ Kf2 65.Ra4 Re4 66.Ra8 f4 67.Rh8 Rd4+ 68.Kc3 Rd7 69.Rh2+ Kg1
70.Rh3 Kg2  0-1

[Event "I FEXERJ"]
[Site "Rio de Janeiro BRA"]
[Date "2007.11.28"]
[Round "6"]
[White "Bittencourt,J"]
[Black "Felgaer,R"]
[Result "0-1"]
[WhiteElo "2448"]
[BlackElo "2539"]

1.e4 c5 2.Nf3 e6 3.d4 cxd4 4.Nxd4 a6 5.Nc3 Qc7 6.g3 Bb4 7.Bd2 Nc6 8.Nxc6 dxc6
9.Qg4 Bf8 10.Bg2 Nf6 11.Qe2 e5 12.O-O Be7 13.a4 a5 14.Nd1 Bg4 15.Qe1 O-O
16.Ne3 Be6 17.Qe2 Qb6 18.Bc3 Nd7 19.b3 Bc5 20.Rfd1 Rfd8 21.h3 h6 22.Qe1 Bd4
23.Bf1 Nc5 24.Nc4 Bxc4 25.Bxc4 Bxc3 26.Qxc3 Nxe4 27.Bxf7+ Kf8 28.Qe1 Qxf2+
29.Qxf2 Nxf2 30.Kxf2 Kxf7 31.Ke3 Ke6 32.Rxd8 Rxd8 33.Rf1 Rb8 34.Ke4 Rd8 35.Ke3 g6
36.Rb1 b5 37.Ra1 b4 38.Rf1 c5 39.Rc1 Rd4 40.Rf1 Rd8 41.Rc1 c4 42.Ke2 Rc8  0-1

[Event "20th Belgrade Trophy"]
[Site "Belgrade SRB"]
[Date "2007.11.29"]
[Round "8"]
[White "Boskovic,Mak"]
[Black "Milojevic,M"]
[Result "1/2-1/2"]
[WhiteElo "1850"]
[BlackElo "2097"]

1.e4 c5 2.Nf3 e6 3.d4 cxd4 4.Nxd4 a6 5.Nc3 Qc7 6.Be2 Nf6 7.O-O Bb4 8.Qd3 b6
9.Be3 Bb7 10.f3 Bxc3 11.Qxc3 Qxc3 12.bxc3 d6 13.c4 Nbd7 14.Nb3 O-O-O 15.Rfd1 Kc7
16.Bf4 e5 17.Be3 Nf8 18.a4 a5 19.Rdb1 Ne6 20.Ra2 Nd7 21.c3 Bc6 22.Bd1 Ndc5
23.Nxc5 Nxc5 24.Bc2 f6 25.h3 Bd7 26.Rab2 Rb8 27.Bxc5 dxc5 28.Rd1 Rhd8 29.Rbb1 Be6
30.Bb3 Rxd1+ 31.Rxd1 Rd8 32.Rxd8 Kxd8 33.Kf2 Ke7 34.Ke3 g6 35.f4 exf4+ 36.Kxf4 g5+
37.Ke3 Kd6 38.g4 Ke5 39.Kf3 Bd7 40.Ke3 Bc8  1/2-1/2

[Event "TCh-AUT 1st Bundesliga 2007-8"]
[Site "Baden AUT"]
[Date "2007.11.30"]
[Round "1"]
[White "Schiestl,J"]
[Black "Wanderer,T"]
[Result "1-0"]
[WhiteElo "2138"]
[BlackElo "2216"]

1.e4 c5 2.Nf3 e6 3.d4 cxd4 4.Nxd4 a6 5.Nc3 Qc7 6.Bd3 Nf6 7.f4 d6 8.Qe2 Nbd7
9.Be3 Be7 10.O-O b5 11.a3 Bb7 12.Kh1 Rc8 13.Rae1 h5 14.Rf3 Ng4 15.Bg1 g5
16.Nd5 Qd8 17.Nxe7 Qxe7 18.fxg5 Qxg5 19.Rff1 Rg8 20.Nf3 Qg7 21.Bd4 Nge5 22.Nxe5 Nxe5
23.Rf2 Qg5 24.Qd2 Qxd2 25.Rxd2 Nc4 26.Rf2 e5 27.Bc3 Nxa3 28.Bb4 Nc4 29.b3 a5
30.bxc4 axb4 31.cxb5 Rg4 32.h3 Rg3 33.Rb1 Re3 34.Rxb4 Rc7 35.Rf5 h4 36.Rh5 Rc3
37.Rxh4 d5 38.Rh5 f6 39.Rh8+ Kd7 40.Rh7+ Kc8 41.exd5 Bxd5 42.b6 Rg3 43.b7+ Kb8
44.Be4 Rc4 45.Rh8+  1-0

[Event "20th Belgrade Trophy"]
[Site "Belgrade SRB"]
[Date "2007.11.30"]
[Round "9"]
[White "Danojlic,P"]
[Black "Jovic,B"]
[Result "1-0"]
[WhiteElo "1882"]
[BlackElo "1783"]

1.e4 c5 2.Nf3 e6 3.d4 cxd4 4.Nxd4 a6 5.Nc3 Bc5 6.Nb3 Ba7 7.e5 Qc7 8.f4 Ne7
9.Bd3 b5 10.Qg4 Ng6 11.h4 h5 12.Qg3 Ne7 13.Rf1 Bb7 14.Bd2 g6 15.O-O-O Nbc6
16.Ne4 Nf5 17.Nf6+ Kd8 18.Bxf5 exf5 19.Ba5 Nxa5 20.Rxd7+ Qxd7 21.Nxd7 Nxb3+
22.axb3 Kxd7 23.Qd3+ Ke8 24.Rd1 Kf8 25.Qd6+ Kg7 26.Qf6+ Kh6 27.Rd7 Bxg2 28.Rxa7 Bd5
29.Rxa6 Rac8 30.Kd2 Rhd8 31.Rd6 Rxd6 32.exd6 Be6 33.Qe7 Rg8 34.d7  1-0

[Event "TCh-AUT 1st Bundesliga 2007-8"]
[Site "Baden AUT"]
[Date "2007.12.01"]
[Round "2"]
[White "Schiestl,J"]
[Black "Farago,I"]
[Result "1-0"]
[WhiteElo "2138"]
[BlackElo "2504"]

1.e4 c5 2.Nf3 e6 3.d4 cxd4 4.Nxd4 a6 5.Nc3 Qc7 6.Bd3 Nc6 7.Nxc6 bxc6 8.O-O Nf6
9.Qe2 d6 10.f4 d5 11.e5 Nd7 12.Na4 c5 13.c4 d4 14.Bd2 Be7 15.Rae1 g6 16.f5 gxf5
17.Bxf5 exf5 18.e6 fxe6 19.Qxe6 Nf8 20.Qf6 Rg8 21.Nb6 Bb7 22.Rxf5 Kd8 23.Qf7 Rxg2+
24.Kf1 Qd6 25.Bf4 Rg1+ 26.Kxg1 Qg6+ 27.Bg3  1-0

[Event "TCh-AUT 1st Bundesliga 2007-8"]
[Site "Baden AUT"]
[Date "2007.12.01"]
[Round "2"]
[White "Baklan,V"]
[Black "Horvath,Jo1"]
[Result "1/2-1/2"]
[WhiteElo "2639"]
[BlackElo "2519"]

1.e4 c5 2.Nf3 e6 3.Nc3 a6 4.d4 cxd4 5.Nxd4 Qc7 6.g3 Nf6 7.Bg2 d6 8.O-O Be7
9.Be3 O-O 10.g4 Nc6 11.g5 Nd7 12.Nxc6 bxc6 13.f4 Rb8 14.b3 d5 15.Qe1 f5 16.exf5 exf5
17.Na4 Bb7 18.Rd1 Rfe8 19.Qf2 Bf8 20.Bc1 a5 21.c4 dxc4 22.Qd4 cxb3 23.axb3 Re7
24.Bb2 c5 25.Bd5+ Bxd5 26.Qxd5+ Rf7 27.Be5  1/2-1/2

[Event "Parsvnath ch-Commonwealth"]
[Site "New Delhi IND"]
[Date "2007.12.03"]
[Round "1"]
[White "Gusain,H"]
[Black "Kunte,A"]
[Result "0-1"]
[WhiteElo "2085"]
[BlackElo "2547"]

1.e4 c5 2.Nf3 e6 3.d4 cxd4 4.Nxd4 a6 5.Nc3 Qc7 6.Bd3 Nc6 7.Nxc6 dxc6 8.O-O e5
9.Be3 Nf6 10.h3 b5 11.Qf3 Be7 12.Rfe1 O-O 13.Ne2 c5 14.c4 Rd8 15.Red1 Be6
16.b3 b4 17.Ng3 a5 18.Nf1 Nd7 19.Bc1 a4 20.Rb1 Nb8 21.Ne3 Nc6 22.Bb2 Rd7
23.Nd5 Qd8 24.Qg3 Bh4 25.Qe3 Ra5 26.f4 exf4 27.Qxf4 Qg5 28.Qxg5 Bxg5 29.Nb6 axb3
30.axb3 Rda7 31.Nd5 f6 32.Re1 Bh4 33.Re3 Ra2 34.Rf3 Bg5 35.Rf2 Na5 36.Re1 Bh4
37.g3 Bxg3 38.Nxf6+ gxf6 39.Rg2 Rxb2  0-1

[Event "Parsvnath ch-Commonwealth"]
[Site "New Delhi IND"]
[Date "2007.12.03"]
[Round "2"]
[White "Abhishek,D"]
[Black "Antonio,V"]
[Result "1/2-1/2"]
[WhiteElo "2383"]
[BlackElo "1988"]

1.e4 c5 2.Nf3 e6 3.d4 cxd4 4.Nxd4 a6 5.Nc3 b5 6.Bd3 d6 7.O-O Bb7 8.Qe2 Nf6
9.b3 Qc7 10.Bb2 Nbd7 11.Kh1 Be7 12.a4 b4 13.Nb1 O-O 14.Nd2 d5 15.Rac1 dxe4
16.Nxe4 Nxe4 17.Bxe4 Bxe4 18.Qxe4 Bf6 19.c3 bxc3 20.Bxc3 Rac8 21.Ne2 Nc5
22.Qc4 Nd7 23.Qxa6 Qb8 24.Bxf6 Nxf6 25.Rxc8 Rxc8 26.Rc1 Rd8 27.Qc4 h5 28.h3 Qe5
29.Qc7 Rd1+ 30.Ng1 Qxc7 31.Rxc7 Ne4 32.Rc2 Rb1 33.a5 Rxb3 34.Ra2 Rb7 35.Nf3 Ra7
36.Ne5 Nc5 37.Nc6 Ra8 38.Rb2 Ra6 39.Rb8+ Kh7 40.Rb6 Rxb6 41.axb6 Nb7 42.Kg1 Kg6
43.f3 Kf5 44.Kf2 e5 45.Ke3 Ke6 46.f4 exf4+ 47.Kxf4 Kd5 48.Ne7+ Ke6 49.Nf5 g6
50.Ne3 f6 51.Ke4 Kd6 52.Nd5 f5+ 53.Kd4 g5 54.Ne3 Ke6 55.Nf1 f4 56.Ke4 Nc5+
57.Kf3 Kf5 58.g4+ hxg4+ 59.hxg4+ Ke5 60.Nd2 Kd6 61.Nc4+ Kc6 62.Ne5+ Kxb6
63.Nf7 Nd7 64.Nxg5 Ne5+ 65.Kxf4 Nxg4  1/2-1/2